000
00255nam a2200133Ia 4500
100
_a
Smirnov/V
942
_c
BK
654
_a
Boring
245
_a
Boring Practice
260
_b
Mir Publishers
082
_a
621.94
300
_a
322
546
_a
ENGLISH
999
_c
35612
_d
35612